| 000 | 00663nam a2200169 a 4500 | ||
|---|---|---|---|
| 003 | 0 | ||
| 005 | 20250508115036.0 | ||
| 008 | 970101s19uu xx 00 eng d | ||
| 050 |
_aPHS BX 1795.S34 _b.W38 2004 |
||
| 100 | _aWatson, Edward Grierson P. | ||
| 245 |
_aThe Perception of the religious and Laity regarding the scandals faced by the Roman Catholic church / _cEdward Grierson P. Watson. |
||
| 260 |
_aLas PiƱas City, Philippines : _bSouthville International School and Colleges, _c2004. |
||
| 300 |
_a64 pages : _billustrations ; _c28 cm. |
||
| 650 |
_aScandals _xReligious aspects _vCatholic Church. |
||
| 650 |
_aLaity _xReligious life. |
||
| 942 |
_2lcc _cPASS |
||
| 999 |
_c97169 _d97169 |
||